Normal view MARC view
  • Tealdi, Juan Carlos

Entry Nombre Personal

Number of records used in: 1

001 - NUMERO DE CONTROL

  • campo de control: 50780

003 - IDENTIFICADOR DE NUMERO DE CONTROL

  • campo de control: DLC

005 - FECHA Y HORA DE LA ÜLTIMA TRANSACCIÓN

  • campo de control: 20240111083604.0

008 - DATOS DE LONGITUD FIJA

  • campo de control de longitud fija: 840523n| acannaabn |n aaa

010 ## - NÚMERO DE CONTROL DE LA BIBLIOTECA DEL CONGRESO

  • Número de control LC: n 84080329

035 ## - NUMERO DE CONTROL

  • Número de control: (OCoLC)oca01118229

040 ## - FUENTE DE CATALOGACIÓN

  • Agencia original de catalogación: DLC
  • Lenguaje de catalogación: spa
  • Agencia de transcripción: DLC
  • Agencia que lo modifica: DLC
  • Agencia que lo modifica: OCoLC
  • Agencia que lo modifica: MX-MxUPN

100 1# - ENCABEZAMIENTO - NOMBRE PERSONAL

  • Nombre personal: Tealdi, Juan Carlos

670 ## - FUENTE EN LA QUE SE LOCALIZARON DATOS

  • Cita de la fuente: Borges y Viñas, 1983:
  • Información localizada: portada (Juan Carlos Tealdi) cubierta (Argentine M.D. in exile in Spain since 1976)

670 ## - FUENTE EN LA QUE SE LOCALIZARON DATOS

  • Cita de la fuente: Diccionario latinoamericano de bioética, 2018:
  • Información localizada: portada (Juan Carlos Tealdi, dirección)

902 ## - CATALOGADOR

  • Catalogador: Víctor Ruiz/110124